| 000 | 00395nam a2200145Ia 4500 | ||
|---|---|---|---|
| 005 | 20250729165733.0 | ||
| 008 | 250729s2013 xx 000 0 und d | ||
| 041 | _aeng | ||
| 082 | _a420.35 RODA | ||
| 100 |
_aRoclney Huddle _9231779 |
||
| 245 | _aA students Introduction English Grammar | ||
| 260 |
_aNew Delhi _bCambridge University Press _c2013 |
||
| 300 | _a312p | ||
| 650 |
_aEnglish _9231780 |
||
| 999 |
_c239452 _d239452 |
||